| 000 | 00716nam a2200193 a 4500 | ||
|---|---|---|---|
| 001 | 000272964 | ||
| 003 | AM-YeHGA | ||
| 005 | 20250618071810.0 | ||
| 008 | 031016s1943 ai 000 | arm d | ||
| 040 | _aAM-YeHGA | ||
| 041 | 0 | _aarm | |
| 100 | 1 |
_aԻսահակյան, Ավետիք Սահակի, _d1875-1957 _9963 |
|
| 245 | 1 | 0 |
_aԱրկածախնդիրները / _cԱւ. Իսահակեան. |
| 260 |
_aՆիւ Եորք : _bԱմերիկահայ յառաջադիմական միութեան հրատ., _c1943. |
||
| 300 |
_a16 էջ _b1 թ. դիմանկ. ; _c22 սմ. |
||
| 500 | _a(Մոսկվայէն Անթելով «Լրաբեր» ին) | ||
| 650 | 1 | 4 |
_aՀայ գրականություն _xՀոդված |
| 090 | _c100398 | ||
| 999 |
_c99087 _d99087 |
||